| 000 | 00000nam##2200000za#4500 |
| 001 | 9.618706 |
| 003 | CaOODSP |
| 005 | 20210615103011 |
| 007 | ta |
| 008 | 150406|2007||||xxc||||| f|0| 0 eng|d |
| 022 | |a0706-6473 |
| 040 | |aCaOODSP|beng |
| 043 | |an-cn--- |
| 086 | 1 |aFs97-4/2803E |
| 110 | 1 |aCanada. |bDepartment of Fisheries and Oceans. |
| 245 | 10|aFish harvesting activities within the proposed Gwaii Haanas National Marine Conservation Area / |cby C.J. Hillier ... [et al.] |
| 260 | |bFisheries and Oceans Canada |c2007. |
| 300 | |avi, 65p. : |bcoloured maps, graphs, references, tables ; |c28 cm. |
| 490 | 1 |aCanadian manuscript report of fisheries and aquatic sciences|x0706-6473|v2803 |
| 500 | |a"Fisheries and Oceans Canada, Oceans, Habitat and Enhacement, 417 - 2nd Avenue West, Prince Rupert, British Columbia, Canada, V8J 1G8"--Cover. |
| 520 | 3 |aThis report is part of a series that contains scientific and technical information that contributes to existing knowledge but deals with national or regional problems. They are distributed to institutions and individuals in the relevant areas of Canada. The subject matter reflects the interests and policies of the Department of Fisheries and Oceans. |
| 546 | |a(Résumé en français.) |
| 563 | |aSoftcover |
| 590 | |a08-09|b2008-02-29 |
| 720 | 1 |aHillier, C. J. |
| 776 | 0#|tFish harvesting activities within the proposed Gwaii Haanas National Marine Conservation Area / |w(CaOODSP)9.580093 |
| 830 | #0|aCanadian manuscript report of fisheries and aquatic sciences,|x0706-6473|v2803|w(CaOODSP)9.514688 |